Tổ chức : Hành vi, cơ cấu, qui trình = Organization: Behavior, structure, processes
Giới thiệu những kiến thức chung về tổ chức. Trình bày những vấn đề về hành vi trong tổ chức cá nhân và nhóm, sự ảnh hưởng giữa các cá nhân; cơ cấu và thiết kế của tổ chức; quy trình giao tiếp, ra quyết định và quản lý sự thay đô...
Gorde:
| Egile nagusia: | |
|---|---|
| Formatua: | Liburua |
| Hizkuntza: | Undetermined |
| Argitaratua: |
Thành phố Hồ Chí Minh
Tổng hợp Thành phố Hồ Chí Minh
2011
|
| Gaiak: | |
| Etiketak: |
Etiketa erantsi
Etiketarik gabe, Izan zaitez lehena erregistro honi etiketa jartzen!
|
| Thư viện lưu trữ: | Trung tâm Học liệu Trường Đại học Cần Thơ |
|---|
| LEADER | 01194nam a2200217Ia 4500 | ||
|---|---|---|---|
| 001 | CTU_193134 | ||
| 008 | 210402s9999 xx 000 0 und d | ||
| 020 | |c 315000 | ||
| 082 | |a 658.4 | ||
| 082 | |b G448 | ||
| 100 | |a Gibson, James L. | ||
| 245 | 0 | |a Tổ chức : | |
| 245 | 0 | |b Hành vi, cơ cấu, qui trình = Organization: Behavior, structure, processes | |
| 245 | 0 | |c James L. Gibson ; Phan Quốc Bảo (Nhóm trưởng dịch thuật DTU) ; Lý Minh Chiêu hiệu đính | |
| 260 | |a Thành phố Hồ Chí Minh | ||
| 260 | |b Tổng hợp Thành phố Hồ Chí Minh | ||
| 260 | |c 2011 | ||
| 520 | |a Giới thiệu những kiến thức chung về tổ chức. Trình bày những vấn đề về hành vi trong tổ chức cá nhân và nhóm, sự ảnh hưởng giữa các cá nhân; cơ cấu và thiết kế của tổ chức; quy trình giao tiếp, ra quyết định và quản lý sự thay đổi trong tổ chức | ||
| 650 | |a Organizational behavior,Tổ chức hành vi | ||
| 910 | |a Hải | ||
| 980 | |a Trung tâm Học liệu Trường Đại học Cần Thơ | ||